000 01074nam a2200217Ii 4500
003 JO-AjNU
008 230605s9999||||xx |||||||||||||| ||und||
017 _a2018/5/2326
040 _aJO-AjNU
_bara
_erda
_cJO-AjNU
041 _aara
050 1 4 _aDS39.A218.2018
100 3 _aتاليق ابو الشعر، هند غسان؛ اشراف محمد عدنان البخيت، اشراف هند ابة الشعر,
_eauthor
_959483
245 0 0 _aذاكرة الثورة العربية الكبرى ونهضة العرب: قراءات في جريدة القبلة، القسم الاول
264 3 1 _aعمان، مركز الوثائق والمخطوطات ودراسات بلاد الشام، 2018
300 _aالقسم الاول: 431ص
_bيحتوي على كشافات الاعلام من ص372-431
336 _atext
_btxt
_2rdacontent
337 _aunmediated
_bn
_2rdamedia
338 _avolume
_bnc
_2rdacarrier
490 0 _aمصادر تاريخ الثورة العربية الكبرى2
650 4 _aالثورة العربية الكبرى-تاريخ
_959484
999 _aA26770
_c30338
_d30338